000 00922nam a22002057a 4500
003 OSt
005 20170608093111.0
008 150408b2016 slv spa
040 _cBMC
082 _a621.39
100 1 _939359
_aDomínguez Cáceres, Laura Evangelina
245 1 0 _aPasantía en CTE S.A. de C.V. (CLARO), Compañía de Telecomunicaciones de El Salvador, S.A. de C.V.
_b: Informe final
_cLaura Evangelina Domínguez Cáceres
260 _aSanta Ana (El Salvador)
_bUniversidad Católica de El Salvador
_c2016
300 _a23 h.
_c27 cm
_b+ 1 disco compacto
500 _aPrecede al tít.: Universidad Católica de El Salvador, Facultad de Ingeniería y Arquitectura
502 _aPara optar al título de Ingeniera en Sistemas Informáticos
650 2 4 _924722
_aIngeniería de sistemas
710 2 _91166
_aUniversidad Católica de El Salvador
_bFacultad de Ingeniería y Arquitectura
942 _2ddc
_cTG
999 _c25400
_d25400